[Event "It"]
[Site "masterchessopen.com Bad Elster (Germany)"]
[Round "7"]
[White "Eliskases Erich G (AUT)"]
[Black "Gilg Karl (GER)"]
[Result "0-1"]
[WhiteElo "2430"]
[BlackElo "2320"]

1.d4 Nf6 2.c4 e6 3.Nc3 Bb4 4.e3 b6 5.Ne2 Bb7 6.a3 Be7 7.d5 O-O 8.g3 b5 9.e4
bxc4 10.Qd4 exd5 11.exd5 c6 12.Bg2 cxd5 13.Nxd5 Nxd5 14.Bxd5 Qa5+ 15.Nc3 Bf6
16.Qxf6 gxf6 17.Bxb7 Nc6 18.Bxa8 Rxa8 19.O-O d5 20.Bf4 f5 21.Rad1 d4 22.Ne2 d3
23.Nc3 Nd4 24.Kg2 Qb6 25.Rd2 Re8 26.f3 Nc2 27.Nd1 Re2+ 28.Rf2 Qe6 29.h4 Ne1+
30.Kf1 Rxd2 31.Bxd2 Nxf3 32.Bc3 Qe4 {#R} 0-1

[Event "It"]
[Site "masterchessopen.com Groningen (Netherlands)"]
[Round "8"]
[White "Botvinnik Mikhail M (RUS)"]
[Black "O'kelly De Galway Alberic (BEL)"]
[Result "1-0"]
[WhiteElo "2630"]
[BlackElo "2460"]

1.c4 Nf6 2.d4 e6 3.Nc3 Bb4 4.e3 b6 5.Ne2 Bb7 6.a3 Be7 7.d5 O-O 8.Ng3 ( 8.e4 {
!? } ) 8...b5 9.dxe6 fxe6 10.Nxb5 c5 11.Nd6 { ? } ( 11.f3 { ? } ) 11...Bc6
12.e4 Qc7 13.Nb5 Qb7 14.e5 ( 14.f3 d5 { ! } ) 14...Ne4 15.Be3 ( 15.Nxe4 Bxe4
16.f3 ) ( 15.f3 Rxf3 { !! } ( 15...Nxg3 16.hxg3 Rxf3 { !! } ) ) 15...a6 16.Nc3
Nxc3 17.bxc3 Bxg2 { ? } 18.Rb1 Qc6 19.Rg1 Bxf1 20.Kxf1 Rf7 21.Qh5 Qa4 22.Qg4
Nc6 23.Qe4 Raf8 24.Nh5 Kh8 25.Rg4 Na5 26.Kg2 Qc6 { ? } ( 26...Qxa3 ) 27.Ng3 (
27.Qxc6 Nxc6 { ? } ) 27...Nxc4 { ?? } 28.Qxc6 Nxe3+ 29.fxe3 dxc6 ( 29...Rf2+
30.Kg1 dxc6 31.Rb7 R2f7 { ? } ) 30.Ne4 { ! } 30...g6 ( 30...g5 ) 31.Rb7 Kg7
32.Rf4 g5 33.Rxf7+ Rxf7 34.Rc7 a5 35.Nd6 { ! } 35...Bxd6 36.exd6 { +?? } {#r}
1-0

[Event "Ch Moscow"]
[Site "masterchessopen.com Moscow (Russia)"]
[Round "10"]
[White "Lilienthal Andor (HUN)"]
[Black "Estrin Yakov B (RUS)"]
[Result "1-0"]
[WhiteElo "2385"]
[BlackElo "2450"]

1.d4 Nf6 2.c4 e6 3.Nc3 Bb4 4.e3 b6 5.Ne2 Bb7 6.a3 Be7 7.d5 d6 8.e4 c6 9.Nf4
Qc8 10.dxe6 fxe6 11.g3 Na6 12.Bh3 Nc7 13.O-O Kf7 14.Nd3 Nd7 15.e5 d5 16.Nf4
Nf8 17.cxd5 cxd5 18.Nce2 Bc6 19.Nd4 Bd7 20.Qf3 Kg8 21.Be3 Bc5 22.Rac1 Bxd4
23.Bxd4 Rb8 24.Nh5 Rb7 25.Qg4 Ng6 26.f4 Qf8 27.Qd1 Ne7 28.f5 exf5 29.Nxg7 Kxg7
30.e6+ Kg6 31.Bxf5+ {#r} 1-0

[Event "Zt"]
[Site "masterchessopen.com Enschede (Netherlands)"]
[Round "9"]
[White "Gligoric Svetozar (SRB)"]
[Black "Mazzoni Guy (FRA)"]
[Result "1-0"]
[WhiteElo "2447"]
[BlackElo "2191"]

1.d4 Nf6 2.c4 e6 3.Nc3 Bb4 4.e3 b6 5.Ne2 Bb7 6.a3 Bd6 7.Ng3 h5 8.d5 h4 9.Nge4
Be5 10.f4 Bxc3+ 11.Nxc3 exd5 12.cxd5 d6 13.Be2 Nbd7 14.O-O Qe7 15.Bf3 O-O-O
16.b4 g5 17.Qd4 Rdg8 18.Bb2 Kb8 19.Rae1 g4 20.Bd1 Nh5 21.Bxg4 f6 22.Bh3 Rh6
23.Rf2 Bc8 24.Qd1 Qg7 25.Nb5 a6 26.Nd4 {#r} 1-0

[Event "Ch World (juniors) (under 18)"]
[Site "masterchessopen.com Vrnjacka Banja (Serbia)"]
[Round "0"]
[White "Westerinen Heikki M J (FIN)"]
[Black "Lee Graham D (ENG)"]
[Result "1-0"]
[WhiteElo "2340"]
[BlackElo "2244"]

1.d4 Nf6 2.c4 e6 3.Nc3 Bb4 4.e3 b6 5.Ne2 Bb7 6.a3 Be7 7.d5 d6 8.e4 e5 9.Ng3 h5
10.Nf5 Bf8 11.c5 bxc5 12.Bg5 a6 13.f4 exf4 14.Bd3 Be7 15.Nxg7+ Kf8 16.Nf5 Nxd5
17.Bh6+ Rxh6 18.Nxh6 Bh4+ 19.g3 fxg3 20.O-O gxh2+ 21.Kh1 Nf6 22.Qb3 c4 23.Qxb7
Nbd7 24.Bxc4 Ne5 25.Ba2 Rb8 26.Qxa6 Rxb2 27.Rf5 Kg7 28.Rxe5 Kxh6 29.Rf5 Ng4
30.Nd1 Qe8 31.Qd3 Qb8 32.Bxf7 Qb6 33.Nxb2 Qxb2 34.Raf1 Nf2+ 35.R5xf2 Bxf2
36.Qf3 {#r} 1-0

[Event "It"]
[Site "masterchessopen.com Malaga (Spain)"]
[Round "8"]
[White "Saborido Rafael (ESP)"]
[Black "Ulvestad Olaf (AND)"]
[Result "1-0"]
[WhiteElo "2300"]
[BlackElo "2270"]

1.d4 Nf6 2.c4 e6 3.Nc3 Bb4 4.e3 b6 5.Ne2 Bb7 6.a3 Be7 7.d5 O-O 8.e4 e5 9.Ng3
Re8 10.Bd3 d6 11.O-O Nbd7 12.Be3 Nf8 13.h3 Ng6 14.Qd2 h6 15.b4 Nh7 16.Rac1 a5
17.Nce2 axb4 18.axb4 Bg5 19.c5 Ra3 20.cxb6 cxb6 21.Ra1 Rxa1 22.Rxa1 Bc8 23.Ra8
Qe7 24.Qc2 Qb7 25.Qc6 Qxc6 26.dxc6 Bxe3 27.fxe3 Nf6 28.Rb8 Ne7 29.Rxb6 d5
30.b5 Be6 31.Rb7 Kf8 32.Nc3 Ra8 33.exd5 Bc8 34.d6 Bxb7 35.dxe7+ Kxe7 36.cxb7
Rb8 37.Nf5+ Kd7 38.Ne4 {#r} 1-0

[Event "Ch Pan-American"]
[Site "masterchessopen.com Habana (Cuba)"]
[Round "0"]
[White "Hernandez Roman (CUB)"]
[Black "Li Chen"]
[Result "1-0"]
[WhiteElo "2375"]
[BlackElo "2270"]

1.d4 Nf6 2.c4 e6 3.Nc3 Bb4 4.e3 b6 5.Ne2 Bb7 6.a3 Be7 7.d5 d6 8.Ng3 Nbd7 9.Be2
O-O 10.O-O e5 11.b4 Re8 12.Qb3 Nf8 13.Bd2 Ng6 14.Rfd1 Rb8 15.a4 Ba8 16.a5 bxa5
17.Rxa5 c5 18.Nb5 Qd7 19.Rxa7 Qd8 20.bxc5 dxc5 21.Qa4 Bb7 22.d6 Bf8 23.Nc7 Nd7
24.Ba5 Bc8 25.Nxe8 Qxe8 26.Bg4 e4 27.Bxd7 Qe5 28.Bxc8 Rb2 29.Rb7 Rxb7 30.Bxb7
Bxd6 31.Rxd6 Qxd6 32.Qe8+ Nf8 33.Bd5 Qf6 34.Bc3 Qg6 35.Bxe4 Qb6 36.Nf5 {#r}
1-0

[Event "It (young masters)"]
[Site "masterchessopen.com England"]
[Round "3"]
[White "Webb Simon (ENG)"]
[Black "Markland Peter R (ENG)"]
[Result "0-1"]
[WhiteElo "2420"]
[BlackElo "2510"]

1.d4 Nf6 2.c4 e6 3.Nc3 Bb4 4.e3 b6 5.Ne2 Bb7 6.a3 Be7 7.Nf4 d5 8.cxd5 exd5
9.b4 O-O 10.Qb3 c6 11.Bd3 Bd6 12.O-O Bxf4 13.exf4 Ba6 14.Ne2 Bxd3 15.Qxd3 Ne4
16.f5 Re8 17.Bf4 Nd6 18.Rfe1 Nc4 19.g4 Qe7 20.Ng3 Qxe1+ 21.Rxe1 Rxe1+ 22.Kg2
Nd7 23.g5 Rae8 24.f6 g6 25.Qf3 Nf8 26.b5 cxb5 27.Qxd5 Ne6 28.Be5 Nxe5 29.Qxb5
{#R} 0-1

[Event "Ch DDR"]
[Site "masterchessopen.com Straussberg (Germany)"]
[Round "18"]
[White "Moehring Guenther (GER)"]
[Black "Lehmann Karl-Heinz (GER)"]
[Result "1-0"]
[WhiteElo "2390"]
[BlackElo "2142"]

1.d4 Nf6 2.c4 e6 3.Nc3 Bb4 4.e3 b6 5.Ne2 O-O 6.a3 Bxc3+ 7.Nxc3 Bb7 8.Bd3 d5
9.cxd5 exd5 10.b4 Nbd7 11.O-O c5 12.bxc5 bxc5 13.Rb1 Rb8 14.a4 c4 15.Bc2 Bc6
16.Ba3 Re8 17.Bd6 Rxb1 18.Qxb1 Nb6 19.Be5 Nbd7 20.Bd6 Re6 21.Ba3 Ne4 22.Bxe4
dxe4 23.d5 Bxd5 24.Nxd5 Qh4 25.Qb7 {#r} 1-0

[Event "Ch World (corr.)"]
[Site "masterchessopen.com corr."]
[Round "0"]
[White "Yudovich Mikhail M (RUS)"]
[Black "Estrin Yakov B (RUS)"]
[Result "0-1"]
[WhiteElo "2400"]
[BlackElo "2450"]

1.d4 Nf6 2.c4 e6 3.Nc3 Bb4 4.e3 b6 5.Ne2 Bb7 6.a3 Be7 7.d5 O-O 8.Ng3 d6 9.Be2
Re8 10.O-O Bf8 11.e4 c6 12.dxe6 fxe6 13.Bg5 c5 14.Bh5 Be7 15.Bxf6 Bxf6 16.Bxe8
Qxe8 17.Qxd6 Nc6 18.Qc7 Na5 19.Rad1 Bc6 20.Qf4 Bd4 21.Qc1 Rd8 22.Nce2 Ba4
23.Nxd4 Bxd1 24.Nxe6 Qxe6 25.Rxd1 Rxd1+ 26.Qxd1 Nxc4 27.Qd8+ Kf7 28.h3 g6
29.Qb8 a5 30.Qb7+ {#R} 0-1

[Event "Ch Latvia (open)"]
[Site "masterchessopen.com Daugavpils (Latvia)"]
[Round "0"]
[White "Shereshevski Mikhail (BLR)"]
[Black "Shmit Anatoly (LAT)"]
[Result "1-0"]
[WhiteElo "2475"]
[BlackElo "2200"]

1.d4 Nf6 2.c4 e6 3.Nc3 Bb4 4.e3 b6 5.Ne2 Bb7 6.a3 Be7 7.d5 O-O 8.Nf4 e5 9.Nd3
d6 10.Be2 c6 11.e4 cxd5 12.cxd5 Nbd7 13.O-O Rc8 14.Be3 a5 15.f3 Ne8 16.Qd2 f5
17.exf5 Nef6 18.Nf2 Kh8 19.Nfe4 h6 20.b4 Qc7 21.Rfc1 Qb8 22.Bb5 Qa8 23.Bxh6
gxh6 24.Qxh6+ Kg8 25.Qg6+ Kh8 26.Ng5 Rxc3 27.Rxc3 Qe8 28.Qh6+ Kg8 29.Bxd7 Qxd7
30.Ne6 Ne8 31.Qg6+ {#r} 1-0

[Event "Tournament"]
[Site "masterchessopen.com Parnu (Estonia)"]
[Round "0"]
[White "Moisieev Oleg L (RUS)"]
[Black "Karner Hillar (EST)"]
[Result "1-0"]
[WhiteElo "2385"]
[BlackElo "2251"]

1.d4 Nf6 2.c4 e6 3.Nc3 Bb4 4.e3 b6 5.Ne2 Ne4 6.Qc2 Bb7 7.a3 Bxc3+ 8.Nxc3 Nxc3
9.Qxc3 Qh4 10.b3 d6 11.d5 Nd7 12.Qxg7 O-O-O 13.Qd4 Qxd4 14.exd4 exd5 15.f3 c5
16.Be3 Rhe8 17.Kf2 cxd4 18.Bxd4 Nc5 19.Rb1 Kb8 20.h4 Rc8 21.h5 Ba6 22.Be3 dxc4
23.bxc4 d5 24.cxd5 Bxf1 25.Bxc5 Rxc5 26.Rbxf1 Rc2+ 27.Kg3 Rg8+ 28.Kf4 Rgxg2
29.Re1 Rc4+ 30.Re4 Rxe4+ 31.fxe4 Kc7 32.Kf5 Kd6 33.Kf6 Rg4 34.Re1 b5 35.e5+
Kxd5 36.Kxf7 Rf4+ 37.Ke7 Rf5 38.e6 Rxh5 39.Kf7 Rf5+ 40.Kg7 {#r} 1-0

[Event "Tournament (team)"]
[Site "masterchessopen.com Ribe (Denmark)"]
[Round "3"]
[White "Hurme Harri M (FIN)"]
[Black "Liljedahl Lennart (SWE)"]
[Result "1-0"]
[WhiteElo "2258"]
[BlackElo "2282"]

1.d4 Nf6 2.c4 e6 3.Nc3 Bb4 4.e3 b6 5.Ne2 O-O 6.a3 Bxc3+ 7.Nxc3 Bb7 8.d5 d6
9.Bd3 Re8 10.O-O e5 11.Bd2 Nbd7 12.f3 Qe7 13.Be1 c6 14.Bh4 h6 15.Rc1 cxd5
16.Nxd5 Bxd5 17.cxd5 Rac8 18.Bb5 g5 19.Bf2 e4 20.f4 Rc5 21.Rxc5 bxc5 22.Be1
Rb8 23.Bxd7 Nxd7 24.Qh5 Qf6 25.fxg5 Qg6 26.Qxg6+ fxg6 27.gxh6 Ne5 28.Bc3 Ng4
29.Rf4 Nxe3 30.Rxe4 Nf5 31.g4 Nxh6 32.Re6 Nf7 33.Rxg6+ Kf8 34.h4 c4 35.h5 Ne5
36.Rxd6 Nxg4 37.h6 Kf7 38.h7 {#r} 1-0

[Event "It"]
[Site "masterchessopen.com Sunny Beach (Bulgaria)"]
[Round "0"]
[White "Taimanov Mark E (RUS)"]
[Black "Bobotsov Milko G (BUL)"]
[Result "1-0"]
[WhiteElo "2580"]
[BlackElo "2405"]

1.d4 Nf6 2.c4 e6 3.Nc3 Bb4 4.e3 b6 5.Ne2 Bb7 6.a3 Bxc3+ 7.Nxc3 d5 8.cxd5 Nxd5
9.Bb5+ Nd7 10.Nxd5 Bxd5 11.O-O a6 12.Bd3 c5 13.e4 Bb7 14.Be3 cxd4 15.Bxd4 e5
16.Be3 Nc5 17.Bxc5 bxc5 18.Rc1 Qb6 19.Qc2 Rc8 20.b4 cxb4 21.Qxc8+ Bxc8
22.Rxc8+ Ke7 23.Rxh8 bxa3 24.Bc4 Qd4 25.Bd5 f5 26.Rxh7 Kf6 27.Rh3 fxe4 28.Bg8
Qb4 29.Rb3 Qf8 30.Bh7 Qc5 31.Ra1 g6 32.Rg3 e3 33.Rxe3 Kg7 34.Bxg6 Kxg6
35.Rexa3 Kf5 36.Rxa6 Qc3 37.R6a3 Qb4 38.Re3 {#r} 1-0

[Event "It"]
[Site "masterchessopen.com Mladenovac (Yugoslavia)"]
[Round "3"]
[White "Gereben Erno (SUI)"]
[Black "Ciric Dragoljub M (SRB)"]
[Result "0-1"]
[WhiteElo "2320"]
[BlackElo "2276"]

1.d4 Nf6 2.c4 e6 3.Nc3 Bb4 4.e3 b6 5.Ne2 Ne4 6.f3 Nxc3 7.Nxc3 Bxc3+ 8.bxc3 d6
9.Bd3 f5 10.Qe2 e5 11.e4 f4 12.g3 O-O 13.gxf4 exf4 14.h4 Bb7 15.Qg2 c5 16.Bb2
Nc6 17.O-O-O Qc7 18.Kb1 Ba6 19.Rc1 Na5 20.Qe2 Qf7 21.d5 Qe8 22.Rcg1 Rf7 23.Rg5
Qa4 24.Rhg1 Bxc4 25.Bxc4 Nxc4 26.e5 dxe5 27.Qg2 Qd7 28.Bc1 Rb8 29.h5 Rb7 30.h6
Qxd5 31.hxg7 Qd3+ 32.Qc2 Qxc2+ 33.Kxc2 Rxg7 34.Kd3 b5 35.Ke4 Rxg5 36.Rxg5+ Rg7
{#R} 0-1

[Event "Tournament"]
[Site "masterchessopen.com Simferopol (Ukraine)"]
[Round "0"]
[White "Kozlov Vladimir N (RUS)"]
[Black "Makarichev Sergey (RUS)"]
[Result "1-0"]
[WhiteElo "2445"]
[BlackElo "2440"]

1.d4 Nf6 2.c4 e6 3.Nc3 Bb4 4.e3 b6 5.Ne2 Ne4 6.f3 Bxc3+ 7.bxc3 Nd6 8.Ng3 Ba6
9.Qa4 Qc8 10.e4 Qb7 11.e5 Nxc4 12.Bxc4 b5 13.Qa3 bxc4 14.Nh5 d6 15.Nxg7+ Kd7
16.exd6 cxd6 17.Nh5 f5 18.O-O Qc6 19.Rb1 Ke7 20.Re1 Kf7 21.Bf4 Rd8 22.Bg3 d5
23.Qc1 {#r} 1-0

[Event "Ch Russia (1/2 final)"]
[Site "masterchessopen.com Yaroslavl (Russia)"]
[Round "0"]
[White "Bratchenko Alexander (RUS)"]
[Black "Mishuchkov Nikolai M (RUS)"]
[Result "0-1"]
[WhiteElo "2363"]
[BlackElo "2407"]

1.d4 Nf6 2.c4 e6 3.Nc3 Bb4 4.e3 b6 5.Ne2 Ne4 6.Qc2 f5 7.a3 Bxc3+ 8.Nxc3 Bb7
9.d5 Nxc3 10.Qxc3 Qe7 11.dxe6 dxe6 12.b3 Nd7 13.Bb2 O-O 14.Be2 Nc5 15.f3 Rad8
16.O-O Rd6 17.Rad1 e5 18.a4 a5 19.Ba3 Rg6 20.Rf2 f4 21.exf4 exf4 22.Qd4 Re6
23.Bxc5 bxc5 24.Qd2 Re3 25.Bd3 Qg5 26.Kh1 Rd8 27.Qc3 Rd4 28.Rfd2 Qe7 29.Qc1
Rxf3 30.gxf3 Bxf3+ 31.Kg1 Qe3+ 32.Rf2 Bxd1 33.Qxd1 Rxd3 34.Qg4 f3 35.Qc8+ Kf7
36.Qxc7+ Kf6 37.Qc6+ Kg5 38.h4+ Kxh4 {#R} 0-1

[Event "Tournament (team)"]
[Site "masterchessopen.com Hindas"]
[Date "1975.09.22"]
[Round "2"]
[White "Ornstein Axel (SWE)"]
[Black "Iskov Gert (DEN)"]
[Result "0-1"]
[WhiteElo "2430"]
[BlackElo "2320"]

1.d4 Nf6 2.c4 e6 3.Nc3 Bb4 4.e3 b6 5.Ne2 Bb7 6.a3 Be7 7.d5 O-O 8.Ng3 b5 9.dxe6
fxe6 10.Nxb5 c5 11.Nc3 Kh8 12.e4 Nc6 13.Be3 e5 14.Bd3 Nd4 15.O-O Rb8 16.Rb1 a5
17.Nd5 d6 18.Bxd4 exd4 19.Nf5 Bxd5 20.exd5 g6 21.Ng3 Qd7 22.Qd2 a4 23.h3 Ng8
24.Bc2 Bf6 25.Ne2 Bg7 26.Qd1 d3 27.Qxd3 Bxb2 28.Nc3 Qg7 29.Nb5 Be5 30.g3 g5
31.Bxa4 Nh6 32.Bc2 Nf5 33.a4 Rf7 34.Qd2 g4 35.Bxf5 Rxf5 36.hxg4 Qxg4 37.Rb3
Rg8 38.Kg2 Qe4+ 39.Kg1 Rh5 40.f3 Rxg3+ {#R} 0-1

[Event "Ch Great Britain"]
[Site "masterchessopen.com Brighton (England)"]
[Round "4"]
[White "Botterill George S (WLS)"]
[Black "Short Nigel D (ENG)"]
[Result "1-0"]
[WhiteElo "2360"]
[BlackElo "2698"]

1.d4 e6 2.c4 Nf6 3.Nc3 Bb4 4.e3 b6 5.Ne2 Bb7 6.a3 Bxc3+ 7.Nxc3 O-O 8.d5 Qe7
9.Be2 exd5 10.cxd5 Ne4 11.Nxe4 Qxe4 12.Bf3 Qc4 13.b3 Qh4 14.O-O d6 15.Bb2 Nd7
16.Rc1 Rac8 17.g3 Qe7 18.Qd4 f5 19.Rc2 a5 20.Bg2 Ne5 21.Re1 Ba6 22.Rd2 Nd7
23.b4 Ne5 24.Rc1 axb4 25.axb4 Bb5 26.h3 Ra8 27.f4 Ng6 28.h4 Rf6 29.e4 Ra4
30.e5 Rf7 31.e6 Rf6 32.Rdc2 Ra7 33.Qe3 Rf8 34.h5 Nh8 35.h6 gxh6 36.Qd4 Ng6
37.Bf3 c5 38.dxc6 Re8 39.Rh2 {#r} 1-0

[Event "Ch Scotland"]
[Site "masterchessopen.com Glasgow (Scotland)"]
[Round "5"]
[White "Reid Alan (SCO)"]
[Black "Kopec Danny (USA)"]
[Result "0-1"]
[WhiteElo "2205"]
[BlackElo "2336"]

1.d4 Nf6 2.c4 e6 3.Nc3 Bb4 4.e3 b6 5.Ne2 Bb7 6.a3 Bd6 7.f3 Nh5 8.e4 Qh4+ 9.g3
Bxg3+ 10.hxg3 Qxh1 11.Qd3 f5 12.Bf4 O-O 13.O-O-O Nxf4 14.Nxf4 Qh2 15.Nce2 fxe4
16.fxe4 Qh6 17.Bg2 g5 18.Rh1 Qg7 19.Nh5 Qg6 20.Qe3 d6 21.Bh3 Bxe4 22.Nc3 Bxh1
23.Bxe6+ Kh8 24.d5 c5 25.Kd1 Rf3 {#R} 0-1

[Event "?"]
[Site "masterchessopen.com Polanica Zdroj (Poland)"]
[Round "0"]
[White "Farago Ivan (HUN)"]
[Black "Kuzmin Gennadi P (UKR)"]
[Result "0-1"]
[WhiteElo "2500"]
[BlackElo "2550"]

1.d4 Nf6 2.c4 e6 3.Nc3 Bb4 4.e3 b6 5.Ne2 Ne4 6.Qc2 Bb7 7.a3 Bxc3+ 8.Nxc3 Nxc3
9.Qxc3 O-O 10.f3 Qh4+ 11.g3 Qh5 12.e4 f5 13.Bg2 fxe4 14.fxe4 Nc6 15.Be3 d5
16.cxd5 exd5 17.e5 Ba6 18.Qd2 Kh8 19.b4 Rae8 20.Bf1 Nxe5 21.dxe5 Qxe5 22.Rc1
Qe4 23.Rg1 Qf3 24.Bxa6 Rxe3+ {#R} 0-1

[Event "It (cat.7)"]
[Site "masterchessopen.com Wijk aan Zee (Netherlands)"]
[Round "0"]
[White "Witt Rob (NED)"]
[Black "Kupreichik Viktor D (BLR)"]
[Result "0-1"]
[WhiteElo "2260"]
[BlackElo "2490"]

1.d4 Nf6 2.c4 e6 3.Nc3 Bb4 4.e3 b6 5.Ne2 O-O 6.a3 Be7 7.Nf4 d6 8.Be2 c6 9.Bf3
e5 10.dxe5 dxe5 11.Qxd8 Rxd8 12.Nfe2 a5 13.Ng3 a4 14.Bd1 Be6 15.Bxa4 Bxc4
16.Bd1 Na6 17.Be2 Bb3 18.Nf1 Nb4 {#R} 0-1

[Event "Tournament (active)"]
[Site "masterchessopen.com Nijmegen (Netherlands)"]
[Date "1977.01.29"]
[Round "3"]
[White "Donner Jan-Hein (NED)"]
[Black "Enklaar Bertus F (NED)"]
[Result "0-1"]
[WhiteElo "2470"]
[BlackElo "2390"]

1.d4 Nf6 2.c4 e6 3.Nc3 Bb4 4.e3 b6 5.Ne2 Ne4 6.Qc2 f5 7.a3 Bxc3+ 8.Nxc3 Bb7
9.b4 d6 10.Bb2 Nd7 11.d5 Ndf6 12.dxe6 Qe7 13.Nb5 c5 14.f3 a6 15.fxe4 Bxe4
16.Bxf6 Qxf6 17.Qa2 axb5 18.bxc5 b4 19.Rd1 Rxa3 20.Qd2 bxc5 21.Qxd6 Qc3+
22.Rd2 Qxe3+ 23.Be2 Ra1+ 24.Rd1 Rxd1+ 25.Kxd1 Qd4+ 26.Qxd4 cxd4 27.Bf3 Ke7
28.Re1 Ra8 {#R} 0-1

[Event "?"]
[Site "masterchessopen.com Itoo (Japan)"]
[Round "0"]
[White "Green Ewen M (NZL)"]
[Black "Fuller Maxwell L (AUS)"]
[Result "1-0"]
[WhiteElo "2258"]
[BlackElo "2390"]

1.d4 Nf6 2.c4 e6 3.Nc3 Bb4 4.e3 b6 5.Ne2 Ne4 6.Bd2 Nxd2 7.Qxd2 Bb7 8.a3 Bxc3
9.Nxc3 O-O 10.Bd3 Bxg2 11.Rg1 Bf3 12.e4 f5 13.exf5 exf5 14.Qf4 Bh5 15.Kd2 Nc6
16.Nd5 Bg6 17.Rae1 d6 18.h4 Qd7 19.b4 Rae8 20.Rxe8 Bxe8 21.Qg5 Kh8 22.Kc3 h6
23.Qg3 g6 24.Qe3 Kg7 25.b5 Nd8 26.Ne7 Kh7 27.h5 Rf6 28.hxg6+ Bxg6 29.Rxg6 Rxg6
30.Bxf5 Ne6 31.Nxg6 Kg7 32.Bxe6 {#r} 1-0

[Event "Ch Brazil"]
[Site "masterchessopen.com Natal (Brazil)"]
[Round "6"]
[White "Trois Francisco R T (BRA)"]
[Black "Carvalho Herbert Abreu (BRA)"]
[Result "1-0"]
[WhiteElo "2385"]
[BlackElo "2182"]

1.d4 Nf6 2.c4 e6 3.Nc3 Bb4 4.e3 b6 5.Ne2 Ne4 6.f3 Nxc3 7.bxc3 Ba5 8.Bd2 O-O
9.e4 c5 10.d5 f5 11.exf5 exf5 12.Nf4 g5 13.Nh3 h6 14.Bd3 Qf6 15.Qc2 Re8+
16.Kf2 d6 17.Rhe1 Rxe1 18.Rxe1 Bd7 19.Kg1 Na6 20.Nf2 Nc7 21.g4 Rf8 22.gxf5
Bxf5 23.Bxf5 Qxf5 24.Qxf5 Rxf5 25.Re7 b5 26.cxb5 c4 27.Kg2 Bb6 28.Ne4 Nxb5
29.h4 Kf8 30.Rd7 Rxd5 31.hxg5 hxg5 32.Bxg5 Rf5 33.f4 d5 34.Nf6 d4 35.Bh6# 1-0

[Event "?"]
[Site "masterchessopen.com Eksjo (Sweden)"]
[Round "0"]
[White "Danner Georg (AUT)"]
[Black "Ornstein Axel (SWE)"]
[Result "0-1"]
[WhiteElo "2408"]
[BlackElo "2413"]

1.d4 Nf6 2.c4 e6 3.Nc3 Bb4 4.e3 b6 5.Ne2 Bb7 6.a3 Be7 7.d5 O-O 8.e4 Re8 9.Ng3
Bd6 10.Be3 exd5 11.cxd5 Na6 12.b4 Be5 13.Rc1 c5 14.b5 Nc7 15.Bd3 a6 16.a4
Bxc3+ 17.Rxc3 axb5 18.axb5 Ncxd5 19.exd5 Nxd5 20.Rc2 Nxe3 21.fxe3 Rxe3+ 22.Kf2
Qg5 23.Re1 Qf4+ 24.Kg1 Rxe1+ 25.Qxe1 Qd4+ 26.Rf2 Qxd3 27.Qe7 Qd5 28.h4 h6
29.Re2 Qd4+ 30.Kh2 Qf4 {#R} 0-1

[Event "It (open)"]
[Site "masterchessopen.com London (England)"]
[Round "7"]
[White "Littlewood Paul E (ENG)"]
[Black "Clark Gary M (ENG)"]
[Result "1-0"]
[WhiteElo "2367"]
[BlackElo "2285"]

1.d4 Nf6 2.c4 e6 3.Nc3 Bb4 4.e3 b6 5.Ne2 Bb7 6.a3 Bxc3+ 7.Nxc3 d5 8.cxd5 exd5
9.b4 O-O 10.Be2 Re8 11.O-O c6 12.f3 Nbd7 13.Rb1 Nf8 14.Kh1 Qd7 15.Bd2 Ng6
16.Bd3 Ne7 17.Ne2 Nf5 18.Qc1 Nd6 19.g4 h6 20.Ng3 Rac8 21.Nf5 Rc7 22.Be1 Nxf5
23.gxf5 Qe7 24.Bg3 Rcc8 25.Re1 Nh5 26.Bf2 c5 27.bxc5 bxc5 28.dxc5 Rxc5 29.Qb2
Rc7 30.Rg1 Ba8 31.Qd4 Qxa3 32.Bb5 Rb8 33.Qg4 Rcb7 34.Qxh5 Rxb5 35.Rxb5 Rxb5
36.f6 g6 37.Rxg6+ {#r} 1-0

[Event "It (open)"]
[Site "masterchessopen.com Bristol (England)"]
[Round "1"]
[White "Easton Alex (SCO)"]
[Black "Cafferty Bernard (ENG)"]
[Result "0-1"]
[WhiteElo "2147"]
[BlackElo "2127"]

1.d4 Nf6 2.c4 e6 3.Nc3 Bb4 4.e3 b6 5.Ne2 Ne4 6.Qc2 Bb7 7.a3 Bxc3+ 8.Nxc3 Nxc3
9.Qxc3 O-O 10.b4 d6 11.Bb2 Nd7 12.Bd3 Qg5 13.Rg1 f5 14.O-O-O Nf6 15.g4 fxg4
16.h3 Bf3 17.Rdf1 h5 18.Qc2 e5 19.dxe5 dxe5 20.Bf5 Rae8 21.c5 Re7 22.Bc3 Rd8
23.Bd3 c6 24.hxg4 hxg4 25.Rg3 b5 26.Rfg1 e4 27.Qa2+ Kf8 28.Bc2 Nh5 29.Rxf3+
exf3 30.Rh1 g3 31.Bh7 Rd5 32.Bd4 g2 33.Rg1 Qh6 34.Bc2 Rxd4 {#R} 0-1

[Event "Ch World (juniors) (under 20)"]
[Site "masterchessopen.com Dortmund (Germany)"]
[Round "10"]
[White "Allen Keith (IRL)"]
[Black "Balsinde Elias Rolando (PUR)"]
[Result "0-1"]
[WhiteElo "2197"]
[BlackElo "2235"]

1.d4 Nf6 2.c4 e6 3.Nc3 Bb4 4.e3 b6 5.Ne2 Bb7 6.a3 Bxc3+ 7.Nxc3 O-O 8.Bd3 d5
9.O-O Nbd7 10.cxd5 exd5 11.b4 Re8 12.b5 Ne4 13.Ne2 a6 14.bxa6 Bxa6 15.Bxa6
Rxa6 16.Qd3 Qa8 17.f3 Nd6 18.Nc3 Nf6 19.Ra2 Ra5 20.Rc2 b5 21.e4 dxe4 22.fxe4
Nfxe4 23.Nxe4 Qxe4 24.Qxe4 Rxe4 25.Rxc7 f6 26.Rd1 Ra4 27.Bb2 Nc4 28.Bc1 Nd6
29.Bb2 Re2 30.Bc1 Ne4 31.h3 b4 32.axb4 Raa2 33.Bf4 Rxg2+ 34.Kh1 Rgf2 35.Rc8+
Kf7 36.Bb8 Rf3 37.Rdc1 Rxh3+ 38.Kg1 Ng5 {#R} 0-1

[Event "Ch Ontario"]
[Site "masterchessopen.com Ontario (Canada)"]
[Round "5"]
[White "Murray Peter (CAN)"]
[Black "Dzera Victor (CAN)"]
[Result "0-1"]
[WhiteElo "2235"]
[BlackElo "2130"]

1.d4 Nf6 2.c4 e6 3.Nc3 Bb4 4.e3 b6 5.Ne2 Bb7 6.a3 Be7 7.Nf4 d5 8.cxd5 exd5
9.g3 Bd6 10.Qf3 O-O 11.Bd3 Re8 12.O-O Bf8 13.Bc2 Qd7 14.Bd2 Na6 15.Rfd1 Rad8
16.Nd3 Bd6 17.a4 c5 18.Nb5 Bb8 19.Bc3 Ne4 20.Nf4 Nb4 21.Bxe4 dxe4 22.Qh5 Nd3
23.dxc5 Bxf4 24.gxf4 Re6 25.f5 Rh6 26.Qg5 f6 27.Qg3 Qxf5 28.Rxd3 exd3 29.Nd6
Rxd6 30.Qxd6 Qg4+ 31.Qg3 Qe4 32.Qb8+ Kf7 33.Qc7+ Ke8 34.Qb8+ Kd7 35.Qd6+ Ke8
36.c6 Rg6+ {#R} 0-1

[Event "It (open)"]
[Site "masterchessopen.com Pula (Croatia)"]
[Round "0"]
[White "Raicevic Vladimir_ (SRB)"]
[Black "Govedarica Radovan (SRB)"]
[Result "1-0"]
[WhiteElo "2390"]
[BlackElo "2389"]

1.d4 Nf6 2.c4 e6 3.Nc3 Bb4 4.e3 b6 5.Ne2 Ne4 6.Qc2 Nxc3 7.Nxc3 Bb7 8.a3 Be7
9.e4 c5 10.d5 e5 11.f4 exf4 12.Bxf4 d6 13.g3 Bc8 14.h4 a6 15.O-O-O Bf6 16.Bd3
Be5 17.Bxe5 dxe5 18.Bf1 Qd6 19.Bh3 Bxh3 20.Rxh3 O-O 21.g4 Nd7 22.Qe2 Rab8
23.Rf1 Nf6 24.g5 Ne8 25.Rhf3 Qe7 26.Nd1 Nd6 27.Ne3 b5 28.Nf5 Nxf5 29.Rxf5 b4
30.a4 b3 31.h5 a5 32.Qd3 Rb4 33.Qc3 Rxa4 34.Kb1 Rb4 35.h6 g6 36.Rxe5 Qd7 {#r}
1-0

[Event "It (cat.7)"]
[Site "masterchessopen.com Bangalore (India)"]
[Round "0"]
[White "Ravisekhar Raja (IND)"]
[Black "Kuzmin Gennadi P (UKR)"]
[Result "0-1"]
[WhiteElo "2420"]
[BlackElo "2550"]

1.d4 Nf6 2.c4 e6 3.Nc3 Bb4 4.e3 b6 5.Ne2 Ne4 6.Qc2 Bb7 7.a3 Bxc3+ 8.Nxc3 Nxc3
9.Qxc3 O-O 10.Qc2 Qh4 11.b4 a5 12.b5 d6 13.Bb2 Nd7 14.O-O-O c6 15.g3 Qd8
16.Bg2 d5 17.Kb1 Rc8 18.cxd5 cxb5 19.Qb3 Nf6 20.e4 exd5 21.e5 Ne4 22.Rhf1 b4
23.axb4 axb4 24.Bxe4 dxe4 25.d5 Rc5 26.d6 Qd7 27.e6 fxe6 28.Qxb4 Ba6 29.Qxb6
Rc6 {#R} 0-1